000 00550nam a2200193 a 4500
001 1770711733702
003 YourLibrary
005 20260210141044.0
008 260210s2007##################000#0#eng##
020 _a9780805852271
082 0 4 _a306.44
_bPLA
100 1 _aPlacencia, MarĂ­a Elena,
_eauthor.
245 1 0 _aResearch on Politeness in the Spanish-speaking World :
260 _bPsychology Press,
_c2007.
300 _a442 pages
650 0 _aLanguage Arts & Disciplines.
942 _cENGLISH
040 _aYourLibrary
_beng
_cYourLibrary
999 _c611294
_d611294